| 000 | 00520nam a2200205Ia 4500 | ||
|---|---|---|---|
| 008 | 170918s9999 xx 000 0 und d | ||
| 020 | _a9780439210402 | ||
| 050 | _bT164 2001 | ||
| 100 | _aTang, Greg | ||
| 245 | 4 | _aThe grapes of math : | |
| 245 | _bmind-stretching math riddles / | ||
| 245 | _cby Greg Tang ; illustrated by Harry Briggs. | ||
| 260 | _aNew York : | ||
| 260 | _bScholastic, | ||
| 260 | _c2001 | ||
| 300 | _aunpaged : | ||
| 300 | _bcolored illustration ; | ||
| 300 | _c25cm. | ||
| 500 | _a400 | ||
| 999 |
_c342959 _d342959 |
||